000 00543nam a2200217Ia 4500
003 OSt
005 20220928141636.0
006 a|||||r|||| 00| 0
007 ta
008 220927b |||||||| |||| 00| 0 eng d
024 _a16482
037 _cTextual
040 _aSDCL
_cSDCL
_beng
041 _2eng
_aeng
082 _aO142,4M28x, 111L8.1-.2
100 _aTolstoy Leo
245 0 _aTolstoy's letters.
260 _c1978
942 _hO142,4M28x, 111L8.1-.2
_cTEXL
_2CC
999 _c818832
_d818832